| 000 | 01722nac a22003251u 4500 | ||
|---|---|---|---|
| 008 | 100301t xxu||||| |||| 00| 0 eng d | ||
| 010 | _a 90044694 | ||
| 020 | _a0471358320 | ||
| 020 | _a9780471358329 | ||
| 082 | 0 | 0 |
_a621.36 _bSAL |
| 100 |
_aSaleh, Bahaa E. A., _912053 |
||
| 245 | 1 | 0 |
_aFundamentals of Photonics / _cBahaa E.A. Saleh, Malvin Carl Teich. |
| 250 | _a2nd ed. | ||
| 260 |
_aNew York : _bWiley, _cc2007. |
||
| 300 |
_axviii, 1177 p. : _bill. ; _c26 cm. |
||
| 440 | 0 |
_aWiley series in pure and applied optics _912054 |
|
| 500 | _a"A Wiley-Interscience publication." | ||
| 500 | _aIncludes Index. | ||
| 504 | _aIncludes bibliographical references and index. | ||
| 650 | 0 |
_aPhotonics. _912055 |
|
| 700 | 1 |
_aTeich, Malvin Carl. _912056 |
|
| 856 | 4 | 2 |
_3Contributor biographical information _uhttp://www.loc.gov/catdir/bios/wiley042/90044694.html |
| 856 | 4 | 2 |
_3Publisher description _uhttp://www.loc.gov/catdir/description/wiley034/90044694.html |
| 856 | 4 | 2 |
_3Table of Contents _uhttp://www.loc.gov/catdir/toc/onix05/90044694.html |
| 942 |
_cBB _k621.36SAL _2ddc |
||
| 999 |
_c5039 _d5039 |
||